Východiská a predpoklady implementácie ERP vo vybranom podniku diplomová práca

Uložené v:
Podrobná bibliografia
Hlavný autor: Dudek, Marek
Korporativný autor: Obchodná fakulta EU. Katedra marketingu
Ďalší autori: Miklošík, Andrej
Médium: Kniha
Jazyk:Slovak
Vydavateľské údaje: Bratislava 2011
Tagy: Pridať tag
Žiadne tagy, Buďte prvý, kto otaguje tento záznam!

MARC

LEADER 00000nbm a2200000 4500
001 0140310
005 20161109101925.6
041 0 |a slo 
044 |a SK 
245 1 0 |a Východiská a predpoklady implementácie ERP vo vybranom podniku  |b diplomová práca  |c Marek Dudek ; školiteľ: Andrej Miklošík 
264 1 |a Bratislava  |c 2011 
300 |a 104 s. 
100 1 |a Dudek, Marek 
700 1 |a Miklošík, Andrej 
710 2 |a Obchodná fakulta EU. Katedra marketingu